100 Biggest Cities and Towns of New England with a Map - Statistics

General Stats
  • This quiz has been taken 870 times
    853 since last reset
  • The average score is 39 of 100
Answers on the Map
Answers color-coded by a green-red scale on the quiz's map according to % correct below.
 
Answer Stats
Population Cities / Towns % Correct
653,833 Boston
99%
190,792 Providence
94%
119,669 Hartford
89%
69,104 Portland
87%
115,474 | 59,408 Manchester
84%
135,319 New Haven
84%
207,621 Worcester
81%
44,528 Burlington
79%
118,214 Cambridge
79%
44,629 Concord
78%
153,672 Springfield
77%
148,028 Bridgeport
74%
44,744 Salem
68%
65,405 Plymouth
66%
136,226 Stamford
66%
114,296 Lowell
65%
101,597 Quincy
62%
91,003 Nashua
58%
100,695 New Bedford
58%
101,241 Lynn
56%
93,840 Fall River
55%
82,999 Warwick
52%
114,990 Waterbury
52%
104,890 Brockton
48%
75,321 Pawtucket
48%
86,124 Danbury
47%
63,574 Greenwich
44%
88,415 Newton
43%
40,277 Amherst
42%
38,404 Lewiston
42%
43,706 Pittsfield
42%
88,172 Lawrence
41%
80,407 Somerville
41%
33,882 Lexington
40%
49,709 Barnstable
39%
82,635 Cranston
39%
33,485 Dover
39%
71,875 Framingham
39%
63,969 West Hartford
39%
61,601 Bristol
38%
92,458 Norwalk
38%
46,900 East Providence
37%
62,962 Brookline
36%
39,881 Norwich
36%
50,654 East Hartford
35%
57,954 Revere
35%
60,412 Taunton
35%
67,415 Haverhill
33%
64,477 Waltham
33%
37,628 Holyoke
32%
58,744 Medford
32%
38,490 Braintree
31%
74,080 New Britain
31%
54,790 West Haven
31%
43,135 Woonsocket
31%
54,838 Chicopee
30%
63,433 Fairfield
30%
36,485 Andover
28%
33,069 Falmouth
28%
43,627 Leominster
28%
65,133 Malden
28%
47,984 Middletown
28%
52,793 Milford
26%
33,902 North Providence
26%
35,256 Watertown
26%
46,654 Attleborough
25%
38,319 Chelsea
25%
41,579 Fitchburg
25%
53,455 Methuen
25%
54,056 Peabody
25%
46,111 Arlington
24%
33,419 Dartmouth
23%
37,878 Groton
23%
36,518 Natick
23%
33,519 Rochester
23%
34,248 Derry
22%
41,179 Marlborough
22%
42,318 Beverly
21%
50,318 Everett
21%
59,114 Weymouth
21%
41,647 Woburn
21%
60,111 Meriden
20%
33,125 Franklin
19%
52,454 Stratford
18%
40,509 Westfield
18%
36,180 Chelmsford
17%
35,819 Coventry
17%
60,014 Hamden
17%
35,550 Torrington
17%
40,792 Enfield
16%
38,889 Shrewsbury
16%
41,619 Billerica
15%
36,591 Cumberland
14%
43,725 Wallingford
14%
35,204 Glastonbury
13%
34,487 Randolph
13%
37,269 Trumbull
13%
42,144 Shelton
12%
43,743 Southington
10%
No matching quizzes found
Score Distribution
Percent of People with Each Score
Percentile by Number Answered
Your Score History
You have not taken this quiz since the last reset